000 00745nam a2200253Ia 4500
003 OSt
005 20220918182457.0
006 a|||||r|||| 00| 0
007 ta
008 220917b |||||||| |||| 00| 0 eng d
024 _a32,701
037 _cTextual
040 _aARTS
_cARTS
_beng
041 _2eng
_aeng
082 _aO111,1M88:g, L1
100 _aAntrim Harry T
_960388
245 0 _aT S Eliot's concept of language
_b a study of its development
260 _againesville
_bUniv Of Florida Press
_c1971
300 _a75p.
_ccm.
490 _aUniversity of Florida humanities monographs; 35
650 _aENGLISH LITERATURE
942 _hO111,1M88:g, L1
_cTEXL
_2CC
999 _c169137
_d169137